[Event "Final Kubka SZFO 2019 A"]
[Site "?"]
[Date "2019.12.12"]
[Round "4"]
[White "Keinanen, T."]
[Black "Nesterov, A."]
[Result "1/2-1/2"]
[WhiteElo "2447"]
[BlackElo "2482"]
[Annotator ",user"]
[PlyCount "25"]
[EventDate "2019.12.13"]
[SourceDate "2019.12.13"]

1. e4 e5 2. Nf3 Nc6 3. Bc4 Bc5 4. c3 Nf6 5. d4 exd4 6. cxd4 Bb4+ 7. Nbd2 Nxe4
8. d5 Ne7 9. O-O Nxd2 10. Bxd2 Bxd2 11. d6 cxd6 12. Qxd2 O-O 13. Rad1 1/2-1/2

[Event "Final Kubka SZFO 2019 A"]
[Site "?"]
[Date "2019.12.12"]
[Round "4"]
[White "Kazakouski, V."]
[Black "Lintchevski, D."]
[Result "1/2-1/2"]
[WhiteElo "2485"]
[BlackElo "2538"]
[Annotator ",user"]
[PlyCount "35"]
[EventDate "2019.12.13"]
[SourceDate "2019.12.13"]

1. d4 Nf6 2. Nf3 d5 3. c4 e6 4. g3 Be7 5. Bg2 O-O 6. O-O dxc4 7. Ne5 Nc6 8.
Nxc6 bxc6 9. Na3 Bxa3 10. bxa3 Ba6 11. Qd2 Rb8 12. Qa5 Qc8 13. a4 Rd8 14. Rd1
c3 15. Qxc3 Bxe2 16. Rd2 Qa6 17. Qxc6 Nd5 18. Qxa6 1/2-1/2

[Event "Final Kubka SZFO 2019 A"]
[Site "?"]
[Date "2019.12.12"]
[Round "4"]
[White "Gogolev, A."]
[Black "Gazik, V."]
[Result "1/2-1/2"]
[WhiteElo "2339"]
[BlackElo "2498"]
[Annotator ",user"]
[PlyCount "52"]
[EventDate "2019.12.13"]
[SourceDate "2019.12.13"]

1. d4 Nf6 2. c4 g6 3. Nc3 d5 4. Nf3 Bg7 5. cxd5 Nxd5 6. Qa4+ Nc6 7. e4 Nb6 8.
Qc2 Nxd4 9. Nxd4 Bxd4 10. Bh6 Bd7 11. Rd1 e5 12. Nb5 Bxb5 13. Bxb5+ Ke7 14. Bg7
Qd6 15. Bxh8 Rxh8 16. O-O c6 17. Be2 h5 18. Rd3 g5 19. Qb3 Nd7 20. Rf3 f6 21.
Qxb7 Rb8 22. Qa6 Rxb2 23. Rb3 Nc5 24. Qxa7+ Nd7 25. Qa6 Nc5 26. Qa7+ Nd7
1/2-1/2

[Event "Final Kubka SZFO 2019 A"]
[Site "?"]
[Date "2019.12.12"]
[Round "4"]
[White "Triapishko, A."]
[Black "Teterev, V."]
[Result "1/2-1/2"]
[WhiteElo "2502"]
[BlackElo "2474"]
[Annotator ",user"]
[PlyCount "94"]
[EventDate "2019.12.13"]
[SourceDate "2019.12.13"]

1. e4 c5 2. Nf3 d6 3. d4 cxd4 4. Nxd4 Nf6 5. Nc3 a6 6. h3 g6 7. Be3 Bg7 8. Qd2
b5 9. a4 bxa4 10. Rxa4 Bb7 11. f3 O-O 12. Nb3 Bc6 13. Ra5 Qc7 14. Be2 Rc8 15.
O-O Nfd7 16. Rfa1 Bb7 17. R5a2 Bxc3 18. bxc3 Qxc3 19. Na5 Qxd2 20. Bxd2 Bc6 21.
Rb2 Nc5 22. Nb3 Nbd7 23. Rba2 Bb7 24. Na5 Rab8 25. Nxb7 Rxb7 26. Bh6 Nb8 27.
Be3 h5 28. Kf2 Rcc7 29. Ke1 Nbd7 30. Ra3 Rb8 31. Kd2 Rb2 32. Kc1 Rb6 33. Kd1
Rbc6 34. R1a2 Kg7 35. Bxa6 Nxa6 36. Rxa6 Rxa6 37. Rxa6 f6 38. Ra7 Rxa7 39. Bxa7
h4 40. Kd2 g5 41. Bd4 Nf8 42. c4 Ng6 43. Ke3 Nf4 44. Kf2 Kf7 45. Be3 Ke6 46. g3
Ng6 47. gxh4 Nxh4 1/2-1/2

[Event "Final Kubka SZFO 2019 A"]
[Site "?"]
[Date "2019.12.12"]
[Round "4"]
[White "Moiseenko, V."]
[Black "Meshkovs, N."]
[Result "1/2-1/2"]
[WhiteElo "2526"]
[BlackElo "2558"]
[Annotator ",user"]
[PlyCount "100"]
[EventDate "2019.12.13"]
[SourceDate "2019.12.13"]

1. e4 c5 2. Nf3 e6 3. d4 cxd4 4. Nxd4 Nc6 5. c3 d6 6. c4 Nf6 7. Nc3 d5 8. cxd5
exd5 9. Bb5 Qd6 10. O-O Bd7 11. Re1 dxe4 12. Nxe4 Nxe4 13. Rxe4+ Be7 14. Bf4
Qd5 15. Qe1 O-O 16. Bxc6 bxc6 17. Rxe7 Qxd4 18. Be5 Qc5 19. Bxg7 Rfe8 20. Bf6
Qf5 21. Rd1 Rxe7 22. Qxe7 Re8 23. Qd6 Qe6 24. h3 Qxd6 25. Rxd6 Be6 26. Rxc6
Bxa2 27. Ra6 Re1+ 28. Kh2 Re6 29. Rxa2 Rxf6 30. Kg1 Rb6 31. Kf1 Rc6 32. b4 Rc1+
33. Ke2 Rb1 34. Ra4 Rb2+ 35. Ke3 h5 36. Rxa7 Rb3+ 37. Kd2 Rxb4 38. Ra5 h4 39.
Rg5+ Kf8 40. Rg4 Rb2+ 41. Ke3 Rb3+ 42. Ke4 Rb5 43. Rf4 Rh5 44. Rf5 Rh6 45. Kf3
f6 46. Kg4 Rg6+ 47. Kxh4 Rxg2 48. Rxf6+ Kg7 49. Rf4 Kh6 50. f3 Rg1 {
íè~~üÿ íà 123 õîäó} 1/2-1/2